Un repaso de los principales aspectos de la NIIF para las pymes y su estado de adopción en países de América Latina y Europa (Registro nro. 11911)

Detalles MARC
000 -LEADER
fixed length control field 00538 a2200157 4500
001 - CONTROL NUMBER
control field ART_24569
005 - DATE AND TIME OF LATEST TRANSACTION
control field 20260410161625.0
008 - FIXED-LENGTH DATA ELEMENTS--GENERAL INFORMATION
fixed length control field 260409a
100 1# - MAIN ENTRY--PERSONAL NAME
Personal name De Vega, Raúl Ernesto
245 10 - TITLE STATEMENT
Title Un repaso de los principales aspectos de la NIIF para las pymes y su estado de adopción en países de América Latina y Europa
700 1# - ADDED ENTRY--PERSONAL NAME
Personal name Rondi, Gustavo R.
700 1# - ADDED ENTRY--PERSONAL NAME
Personal name Casal, María del Carmen
700 1# - ADDED ENTRY--PERSONAL NAME
Personal name Galante, Marcelo J.
700 1# - ADDED ENTRY--PERSONAL NAME
Personal name Gómez, Melisa
773 0# - HOST ITEM ENTRY
Title Enfoques
Related parts - Nº 3 (mar. 2014)
Record control number REV416

No hay ítems disponibles.